MARC

LEADER 00000nam0a2200000 4500
001 193279
005 20231101224456.0
035 |a (RuTPU)RU\TPU\book\210796 
090 |a 193279 
100 |a 20110322d1977 km y0rusy50 ca 
101 1 |a ger  |c rus 
102 |a RU 
105 |a a z 000zy 
200 1 |a Космическая трилогия  |e на нем. яз.  |f В. С. Губарев 
210 |a Москва  |c Мир  |d 1977 
215 |a 199 с.  |c ил. 
606 1 |a Космонавтика  |2 stltpush  |3 (RuTPU)RU\TPU\subj\15890  |9 42093 
610 1 |a космос 
610 1 |a космическая техника 
610 1 |a космические полеты 
610 1 |a космические исследовательские корабли 
610 1 |a автоматические космические аппараты 
610 1 |a Марс 
610 1 |a Луна 
610 1 |a Венера 
610 1 |a немецкий язык 
675 |a 629.78  |v 4 
700 1 |a Губарев  |b В. С.  |g Владимир Степанович 
801 1 |a RU  |b 63413507  |c 20110322 
801 2 |a RU  |b 63413507  |c 20171201  |g RCR 
942 |c BK